000 00903nam a2200301 i 4500
001 bg
003 BPK
005 20200508120137.0
008 s1995 pl f f |000 0 pol
020 _a8390116987
040 _cBPK
041 0 _apol
080 _a659.1
080 _a339.13
080 _a(07)
100 1 _aKall, Jacek
_d(1962- )
_eAutor
245 1 0 _aPromocja sprzedaży czyli Jak sprzedać więcej /
_cJacek Kall.
260 _aWarszawa :
_bBusiness Press,
_c[1995?].
300 _a251 s. :
_bfot. kolor., rys., wykr. ;
_c20 cm.
490 1 _aBusinessman Book
504 _aBibliogr. s. 245-249.
655 _aPoradnik
650 4 _aTechniki sprzedaży
650 4 _aPromocja handlowa
830 0 _aBusinessman Book
942 _cKS
_2UKD
856 _uhttp://koha.tu.koszalin.pl/cgi-bin/koha/opac-detail.pl?biblionumber=53175
_yKatalog online BPK
999 _c53175
_d53175